00364nam a2200097Ia 4500008004100000041001200041100002500053245017600078260000600254650000600260221030s9999 xx 000 0 und d aEnglish aInformation Brochure 0aQuality Improvement Programme for Teachers of Engineering Colleges- Advance Admission to Ph.D Degree Programme 2003-2004 Final Admission 2004-2005cby Information Brochure c0 aB